<?xml version="1.0" encoding="UTF-8"?><marc:collection xmlns:marc="http://www.loc.gov/MARC21/slim">
  <marc:record>
    <marc:leader>04253cam a2200793 c 4500</marc:leader>
    <marc:controlfield tag="001">31608591X</marc:controlfield>
    <marc:controlfield tag="003">DE-627</marc:controlfield>
    <marc:controlfield tag="005">20250817111552.0</marc:controlfield>
    <marc:controlfield tag="007">tu</marc:controlfield>
    <marc:controlfield tag="008">000710s1999    gw |||||      00| ||ger c</marc:controlfield>
    <marc:datafield tag="015" ind1=" " ind2=" ">
      <marc:subfield code="a">00,A29,1111</marc:subfield>
      <marc:subfield code="2">dnb</marc:subfield>
    </marc:datafield>
    <marc:datafield tag="016" ind1="7" ind2=" ">
      <marc:subfield code="a">959179399</marc:subfield>
      <marc:subfield code="2">DE-101</marc:subfield>
    </marc:datafield>
    <marc:datafield tag="020" ind1=" " ind2=" ">
      <marc:subfield code="a">3792718103</marc:subfield>
      <marc:subfield code="c">kart. : DM 18.00</marc:subfield>
      <marc:subfield code="9">3-7927-1810-3</marc:subfield>
    </marc:datafield>
    <marc:datafield tag="035" ind1=" " ind2=" ">
      <marc:subfield code="a">(DE-627)31608591X</marc:subfield>
    </marc:datafield>
    <marc:datafield tag="035" ind1=" " ind2=" ">
      <marc:subfield code="a">(DE-576)08484745X</marc:subfield>
    </marc:datafield>
    <marc:datafield tag="035" ind1=" " ind2=" ">
      <marc:subfield code="a">(DE-599)GBV31608591X</marc:subfield>
    </marc:datafield>
    <marc:datafield tag="035" ind1=" " ind2=" ">
      <marc:subfield code="a">(OCoLC)247561518</marc:subfield>
    </marc:datafield>
    <marc:datafield tag="035" ind1=" " ind2=" ">
      <marc:subfield code="a">(OCoLC)46853817</marc:subfield>
    </marc:datafield>
    <marc:datafield tag="035" ind1=" " ind2=" ">
      <marc:subfield code="a">(DE-604)8132397692</marc:subfield>
    </marc:datafield>
    <marc:datafield tag="040" ind1=" " ind2=" ">
      <marc:subfield code="a">DE-627</marc:subfield>
      <marc:subfield code="b">ger</marc:subfield>
      <marc:subfield code="c">DE-627</marc:subfield>
      <marc:subfield code="e">rakwb</marc:subfield>
    </marc:datafield>
    <marc:datafield tag="041" ind1=" " ind2=" ">
      <marc:subfield code="a">ger</marc:subfield>
    </marc:datafield>
    <marc:datafield tag="044" ind1=" " ind2=" ">
      <marc:subfield code="c">XA-DE-NW</marc:subfield>
    </marc:datafield>
    <marc:datafield tag="084" ind1=" " ind2=" ">
      <marc:subfield code="a">33</marc:subfield>
      <marc:subfield code="2">sdnb</marc:subfield>
    </marc:datafield>
    <marc:datafield tag="084" ind1=" " ind2=" ">
      <marc:subfield code="a">YH 2205</marc:subfield>
      <marc:subfield code="2">rvk</marc:subfield>
      <marc:subfield code="0">(DE-625)rvk/153526:12911</marc:subfield>
    </marc:datafield>
    <marc:datafield tag="084" ind1=" " ind2=" ">
      <marc:subfield code="a">44.91</marc:subfield>
      <marc:subfield code="2">bkl</marc:subfield>
    </marc:datafield>
    <marc:datafield tag="245" ind1="0" ind2="0">
      <marc:subfield code="a">Qualität und Steuerung in der regionalen psychiatrischen Versorgung</marc:subfield>
      <marc:subfield code="b">Tagungsbericht, Bonn, 11./12. November 1998</marc:subfield>
      <marc:subfield code="c">hrsg. von Volker Kauder ...</marc:subfield>
    </marc:datafield>
    <marc:datafield tag="264" ind1=" " ind2="1">
      <marc:subfield code="a">Köln [u.a.]</marc:subfield>
      <marc:subfield code="b">Rheinland-Verl. [u.a.]</marc:subfield>
      <marc:subfield code="c">c 1999</marc:subfield>
    </marc:datafield>
    <marc:datafield tag="264" ind1=" " ind2="1">
      <marc:subfield code="a">Bonn</marc:subfield>
      <marc:subfield code="b">Habelt</marc:subfield>
      <marc:subfield code="c">c 1999</marc:subfield>
    </marc:datafield>
    <marc:datafield tag="300" ind1=" " ind2=" ">
      <marc:subfield code="a">240 S.</marc:subfield>
      <marc:subfield code="b">graph. Darst</marc:subfield>
      <marc:subfield code="c">21 cm</marc:subfield>
    </marc:datafield>
    <marc:datafield tag="336" ind1=" " ind2=" ">
      <marc:subfield code="a">Text</marc:subfield>
      <marc:subfield code="b">txt</marc:subfield>
      <marc:subfield code="2">rdacontent</marc:subfield>
    </marc:datafield>
    <marc:datafield tag="337" ind1=" " ind2=" ">
      <marc:subfield code="a">ohne Hilfsmittel zu benutzen</marc:subfield>
      <marc:subfield code="b">n</marc:subfield>
      <marc:subfield code="2">rdamedia</marc:subfield>
    </marc:datafield>
    <marc:datafield tag="338" ind1=" " ind2=" ">
      <marc:subfield code="a">Band</marc:subfield>
      <marc:subfield code="b">nc</marc:subfield>
      <marc:subfield code="2">rdacarrier</marc:subfield>
    </marc:datafield>
    <marc:datafield tag="490" ind1="1" ind2=" ">
      <marc:subfield code="a">Tagungsberichte / Aktion Psychisch Kranke</marc:subfield>
      <marc:subfield code="v">26</marc:subfield>
    </marc:datafield>
    <marc:datafield tag="500" ind1=" " ind2=" ">
      <marc:subfield code="a">Literaturangaben</marc:subfield>
    </marc:datafield>
    <marc:datafield tag="583" ind1="1" ind2=" ">
      <marc:subfield code="a">Archivierung prüfen</marc:subfield>
      <marc:subfield code="c">20240722</marc:subfield>
      <marc:subfield code="f">DE-4165</marc:subfield>
      <marc:subfield code="z">2</marc:subfield>
      <marc:subfield code="2">pdager</marc:subfield>
    </marc:datafield>
    <marc:datafield tag="650" ind1=" " ind2="2">
      <marc:subfield code="a">Community mental health services</marc:subfield>
      <marc:subfield code="a">Germany</marc:subfield>
      <marc:subfield code="2">DE-289</marc:subfield>
    </marc:datafield>
    <marc:datafield tag="655" ind1=" " ind2="7">
      <marc:subfield code="a">Konferenzschrift</marc:subfield>
      <marc:subfield code="y">1998</marc:subfield>
      <marc:subfield code="z">Bonn</marc:subfield>
      <marc:subfield code="0">(DE-588)1071861417</marc:subfield>
      <marc:subfield code="0">(DE-627)826484824</marc:subfield>
      <marc:subfield code="0">(DE-576)433375485</marc:subfield>
      <marc:subfield code="2">gnd-content</marc:subfield>
    </marc:datafield>
    <marc:datafield tag="689" ind1="0" ind2="0">
      <marc:subfield code="D">s</marc:subfield>
      <marc:subfield code="0">(DE-588)4019966-6</marc:subfield>
      <marc:subfield code="0">(DE-627)106319728</marc:subfield>
      <marc:subfield code="0">(DE-576)208931392</marc:subfield>
      <marc:subfield code="a">Gemeindepsychiatrie</marc:subfield>
      <marc:subfield code="2">gnd</marc:subfield>
    </marc:datafield>
    <marc:datafield tag="689" ind1="0" ind2="1">
      <marc:subfield code="D">s</marc:subfield>
      <marc:subfield code="0">(DE-588)4057472-6</marc:subfield>
      <marc:subfield code="0">(DE-627)106150901</marc:subfield>
      <marc:subfield code="0">(DE-576)209122102</marc:subfield>
      <marc:subfield code="a">Steuerung</marc:subfield>
      <marc:subfield code="2">gnd</marc:subfield>
    </marc:datafield>
    <marc:datafield tag="689" ind1="0" ind2=" ">
      <marc:subfield code="5">DE-101</marc:subfield>
    </marc:datafield>
    <marc:datafield tag="689" ind1="1" ind2="0">
      <marc:subfield code="D">s</marc:subfield>
      <marc:subfield code="0">(DE-588)4019966-6</marc:subfield>
      <marc:subfield code="0">(DE-627)106319728</marc:subfield>
      <marc:subfield code="0">(DE-576)208931392</marc:subfield>
      <marc:subfield code="a">Gemeindepsychiatrie</marc:subfield>
      <marc:subfield code="2">gnd</marc:subfield>
    </marc:datafield>
    <marc:datafield tag="689" ind1="1" ind2="1">
      <marc:subfield code="D">s</marc:subfield>
      <marc:subfield code="0">(DE-588)4057472-6</marc:subfield>
      <marc:subfield code="0">(DE-627)106150901</marc:subfield>
      <marc:subfield code="0">(DE-576)209122102</marc:subfield>
      <marc:subfield code="a">Steuerung</marc:subfield>
      <marc:subfield code="2">gnd</marc:subfield>
    </marc:datafield>
    <marc:datafield tag="689" ind1="1" ind2=" ">
      <marc:subfield code="5">(DE-627)</marc:subfield>
    </marc:datafield>
    <marc:datafield tag="700" ind1="1" ind2=" ">
      <marc:subfield code="a">Kauder, Volker</marc:subfield>
      <marc:subfield code="d">1949-</marc:subfield>
      <marc:subfield code="e">Hrsg.</marc:subfield>
      <marc:subfield code="0">(DE-588)115232427</marc:subfield>
      <marc:subfield code="0">(DE-627)585439184</marc:subfield>
      <marc:subfield code="0">(DE-576)177299789</marc:subfield>
      <marc:subfield code="4">edt</marc:subfield>
    </marc:datafield>
    <marc:datafield tag="710" ind1="2" ind2=" ">
      <marc:subfield code="a">Aktion Psychisch Kranke, Vereinigung zur Reform der Versorgung Psychisch Kranker</marc:subfield>
      <marc:subfield code="0">(DE-588)2034075-8</marc:subfield>
      <marc:subfield code="0">(DE-627)10249519X</marc:subfield>
      <marc:subfield code="0">(DE-576)19185283X</marc:subfield>
      <marc:subfield code="4">oth</marc:subfield>
    </marc:datafield>
    <marc:datafield tag="810" ind1="2" ind2=" ">
      <marc:subfield code="a">Aktion Psychisch Kranke, Vereinigung zur Reform der Versorgung Psychisch Kranker</marc:subfield>
      <marc:subfield code="t">Tagungsberichte</marc:subfield>
      <marc:subfield code="v">26</marc:subfield>
      <marc:subfield code="9">2600</marc:subfield>
      <marc:subfield code="w">(DE-627)168642697</marc:subfield>
      <marc:subfield code="w">(DE-576)007998619</marc:subfield>
      <marc:subfield code="w">(DE-600)796908-9</marc:subfield>
      <marc:subfield code="7">am</marc:subfield>
    </marc:datafield>
    <marc:datafield tag="856" ind1="4" ind2="2">
      <marc:subfield code="u">http://www.gbv.de/dms/hbz/toc/ht012817637.pdf</marc:subfield>
      <marc:subfield code="m">V:DE-605</marc:subfield>
      <marc:subfield code="q">pdf/application</marc:subfield>
      <marc:subfield code="v">2008-11-15</marc:subfield>
      <marc:subfield code="x">Verlag</marc:subfield>
      <marc:subfield code="y">Inhaltsverzeichnis</marc:subfield>
      <marc:subfield code="3">Inhaltsverzeichnis</marc:subfield>
    </marc:datafield>
    <marc:datafield tag="924" ind1="0" ind2=" ">
      <marc:subfield code="a">593062914</marc:subfield>
      <marc:subfield code="b">DE-1a</marc:subfield>
      <marc:subfield code="9">1a</marc:subfield>
      <marc:subfield code="c">GBV</marc:subfield>
      <marc:subfield code="d">c</marc:subfield>
      <marc:subfield code="g">1 A 479616</marc:subfield>
      <marc:subfield code="h">2</marc:subfield>
    </marc:datafield>
    <marc:datafield tag="924" ind1="0" ind2=" ">
      <marc:subfield code="a">1478516259</marc:subfield>
      <marc:subfield code="b">DE-18</marc:subfield>
      <marc:subfield code="9">18</marc:subfield>
      <marc:subfield code="c">GBV</marc:subfield>
      <marc:subfield code="d">c</marc:subfield>
      <marc:subfield code="g">Med X/1037: 26</marc:subfield>
      <marc:subfield code="h">18/64</marc:subfield>
    </marc:datafield>
    <marc:datafield tag="924" ind1="0" ind2=" ">
      <marc:subfield code="a">549098259</marc:subfield>
      <marc:subfield code="b">DE-7</marc:subfield>
      <marc:subfield code="9">7</marc:subfield>
      <marc:subfield code="c">GBV</marc:subfield>
      <marc:subfield code="d">c</marc:subfield>
      <marc:subfield code="g">XS 550 205 = 2002 A 25507</marc:subfield>
      <marc:subfield code="g">2002 A 25507</marc:subfield>
      <marc:subfield code="h">BBM</marc:subfield>
    </marc:datafield>
    <marc:datafield tag="924" ind1="0" ind2=" ">
      <marc:subfield code="a">1671332709</marc:subfield>
      <marc:subfield code="b">DE-354</marc:subfield>
      <marc:subfield code="9">354</marc:subfield>
      <marc:subfield code="c">GBV</marc:subfield>
      <marc:subfield code="d">c</marc:subfield>
      <marc:subfield code="g">WM 100''MB 263-26</marc:subfield>
      <marc:subfield code="h">MedGesch</marc:subfield>
    </marc:datafield>
    <marc:datafield tag="924" ind1="0" ind2=" ">
      <marc:subfield code="a">1473830451</marc:subfield>
      <marc:subfield code="b">DE-546</marc:subfield>
      <marc:subfield code="9">546</marc:subfield>
      <marc:subfield code="c">GBV</marc:subfield>
      <marc:subfield code="d">c</marc:subfield>
      <marc:subfield code="g">YH 2200 K21</marc:subfield>
      <marc:subfield code="h">LS</marc:subfield>
    </marc:datafield>
    <marc:datafield tag="924" ind1="0" ind2=" ">
      <marc:subfield code="a">713337478</marc:subfield>
      <marc:subfield code="b">DE-519</marc:subfield>
      <marc:subfield code="9">519</marc:subfield>
      <marc:subfield code="c">GBV</marc:subfield>
      <marc:subfield code="d">c</marc:subfield>
      <marc:subfield code="g">22:HVS-447</marc:subfield>
      <marc:subfield code="h">FH</marc:subfield>
    </marc:datafield>
    <marc:datafield tag="924" ind1="0" ind2=" ">
      <marc:subfield code="a">1503414140</marc:subfield>
      <marc:subfield code="b">DE-551</marc:subfield>
      <marc:subfield code="9">551</marc:subfield>
      <marc:subfield code="c">GBV</marc:subfield>
      <marc:subfield code="d">c</marc:subfield>
      <marc:subfield code="g">SW 92511-1655</marc:subfield>
    </marc:datafield>
    <marc:datafield tag="924" ind1="0" ind2=" ">
      <marc:subfield code="a">544574974</marc:subfield>
      <marc:subfield code="b">DE-552</marc:subfield>
      <marc:subfield code="9">552</marc:subfield>
      <marc:subfield code="c">GBV</marc:subfield>
      <marc:subfield code="d">d</marc:subfield>
      <marc:subfield code="g">SP 5513-245:26</marc:subfield>
    </marc:datafield>
    <marc:datafield tag="924" ind1="0" ind2=" ">
      <marc:subfield code="a">544574982</marc:subfield>
      <marc:subfield code="b">DE-552</marc:subfield>
      <marc:subfield code="9">552</marc:subfield>
      <marc:subfield code="c">GBV</marc:subfield>
      <marc:subfield code="d">c</marc:subfield>
      <marc:subfield code="g">SP 5513-245:26</marc:subfield>
      <marc:subfield code="g">SP 5513-245</marc:subfield>
    </marc:datafield>
    <marc:datafield tag="924" ind1="0" ind2=" ">
      <marc:subfield code="a">095277145</marc:subfield>
      <marc:subfield code="b">DE-B2224</marc:subfield>
      <marc:subfield code="9">B 2224</marc:subfield>
      <marc:subfield code="c">GBV</marc:subfield>
      <marc:subfield code="d">d</marc:subfield>
      <marc:subfield code="g">K 8700/61</marc:subfield>
      <marc:subfield code="h">L1</marc:subfield>
    </marc:datafield>
    <marc:datafield tag="924" ind1="0" ind2=" ">
      <marc:subfield code="a">887203949</marc:subfield>
      <marc:subfield code="b">DE-B1556</marc:subfield>
      <marc:subfield code="9">B1556</marc:subfield>
      <marc:subfield code="c">GBV</marc:subfield>
      <marc:subfield code="d">d</marc:subfield>
      <marc:subfield code="g">MAG 042893</marc:subfield>
      <marc:subfield code="h">Magazin</marc:subfield>
    </marc:datafield>
    <marc:datafield tag="924" ind1="0" ind2=" ">
      <marc:subfield code="a">1708221778</marc:subfield>
      <marc:subfield code="b">DE-Bo56</marc:subfield>
      <marc:subfield code="9">Bo 56</marc:subfield>
      <marc:subfield code="c">GBV</marc:subfield>
      <marc:subfield code="d">d</marc:subfield>
      <marc:subfield code="g">Ps 4139</marc:subfield>
      <marc:subfield code="h">FbF</marc:subfield>
    </marc:datafield>
    <marc:datafield tag="924" ind1="0" ind2=" ">
      <marc:subfield code="a">3924383413</marc:subfield>
      <marc:subfield code="b">DE-D275</marc:subfield>
      <marc:subfield code="9">D 275</marc:subfield>
      <marc:subfield code="c">BSZ</marc:subfield>
      <marc:subfield code="d">c</marc:subfield>
      <marc:subfield code="g">YH 2205 Q1</marc:subfield>
      <marc:subfield code="h">EH</marc:subfield>
    </marc:datafield>
    <marc:datafield tag="924" ind1="0" ind2=" ">
      <marc:subfield code="a">3151757243</marc:subfield>
      <marc:subfield code="b">DE-21-1</marc:subfield>
      <marc:subfield code="9">21/1</marc:subfield>
      <marc:subfield code="c">BSZ</marc:subfield>
      <marc:subfield code="d">b</marc:subfield>
      <marc:subfield code="g">P 22c Kau</marc:subfield>
    </marc:datafield>
    <marc:datafield tag="924" ind1="0" ind2=" ">
      <marc:subfield code="a">3151757324</marc:subfield>
      <marc:subfield code="b">DE-Sa16</marc:subfield>
      <marc:subfield code="9">Sa 16</marc:subfield>
      <marc:subfield code="c">BSZ</marc:subfield>
      <marc:subfield code="d">c</marc:subfield>
      <marc:subfield code="g">YH 2200 Qua [2]</marc:subfield>
    </marc:datafield>
    <marc:datafield tag="924" ind1="0" ind2=" ">
      <marc:subfield code="a">4199180788</marc:subfield>
      <marc:subfield code="b">DE-289</marc:subfield>
      <marc:subfield code="9">289</marc:subfield>
      <marc:subfield code="c">BSZ</marc:subfield>
      <marc:subfield code="d">d</marc:subfield>
      <marc:subfield code="g">WM 30.6/1998 K</marc:subfield>
    </marc:datafield>
    <marc:datafield tag="924" ind1="0" ind2=" ">
      <marc:subfield code="a">3151757413</marc:subfield>
      <marc:subfield code="b">DE-Frei26</marc:subfield>
      <marc:subfield code="9">Frei 26</marc:subfield>
      <marc:subfield code="c">BSZ</marc:subfield>
      <marc:subfield code="d">c</marc:subfield>
      <marc:subfield code="g">EE 8092</marc:subfield>
    </marc:datafield>
    <marc:datafield tag="924" ind1="0" ind2=" ">
      <marc:subfield code="a">3151757650</marc:subfield>
      <marc:subfield code="b">DE-Rt3</marc:subfield>
      <marc:subfield code="9">Rt 3</marc:subfield>
      <marc:subfield code="c">BSZ</marc:subfield>
      <marc:subfield code="d">c</marc:subfield>
      <marc:subfield code="g">Iop 3 Qual</marc:subfield>
    </marc:datafield>
    <marc:datafield tag="935" ind1=" " ind2=" ">
      <marc:subfield code="i">Blocktest</marc:subfield>
    </marc:datafield>
    <marc:datafield tag="936" ind1="r" ind2="v">
      <marc:subfield code="a">YH 2205</marc:subfield>
      <marc:subfield code="b">Kongress, Tagungsbericht, Fortbildungslehrgang, Symposium</marc:subfield>
      <marc:subfield code="k">Medizin</marc:subfield>
      <marc:subfield code="k">Psychiatrie, Medizinische Psychologie</marc:subfield>
      <marc:subfield code="k">Allgemeine Psychiatrie/Medizinische Psychologie</marc:subfield>
      <marc:subfield code="k">Allgemeine Therapie</marc:subfield>
      <marc:subfield code="k">Psychiatrische Krankenhausbehandlung, psychiatrische Versorgung, Fürsorge</marc:subfield>
      <marc:subfield code="k">A. Formalschlüssel</marc:subfield>
      <marc:subfield code="k">Kongress, Tagungsbericht, Fortbildungslehrgang, Symposium</marc:subfield>
      <marc:subfield code="0">(DE-627)1271561204</marc:subfield>
      <marc:subfield code="0">(DE-625)rvk/153526:12911</marc:subfield>
      <marc:subfield code="0">(DE-576)201561204</marc:subfield>
    </marc:datafield>
    <marc:datafield tag="936" ind1="b" ind2="k">
      <marc:subfield code="a">44.91</marc:subfield>
      <marc:subfield code="j">Psychiatrie</marc:subfield>
      <marc:subfield code="j">Psychopathologie</marc:subfield>
      <marc:subfield code="0">(DE-627)106409972</marc:subfield>
    </marc:datafield>
    <marc:datafield tag="951" ind1=" " ind2=" ">
      <marc:subfield code="a">BO</marc:subfield>
    </marc:datafield>
  </marc:record>
</marc:collection>
